|
|
|
|
| LEADER |
00000nab a2200000 a 4500 |
| 001 |
vtls010258373 |
| 003 |
SK-MaSNL |
| 005 |
20260304162259.0 |
| 008 |
25050727c2008 xo o |||||||||||||||slol |
| 015 |
|
|
|a SNBRB2009/05
|
| 035 |
|
|
|a SVKKK000095817
|
| 035 |
|
|
|a urn:nbn:sk:snk-ab6j9i
|
| 035 |
|
|
|a (uuid)5589e053-79c8-4f24-b2b6-23c3e8975bf3
|
| 035 |
|
|
|a (urnnbn)urn:nbn:sk:snk:ar-004iis
|
| 035 |
|
|
|a (sysno)vtls010258373
|
| 038 |
|
|
|a SVKKK
|
| 040 |
|
|
|a SNKBUCL
|b slo
|c SNKBUCL
|e AACR2
|
| 041 |
0 |
|
|a slo
|
| 044 |
|
|
|a xo
|c SK
|
| 080 |
|
|
|a 504:379.82
|x (437.6)
|2 1997
|
| 080 |
|
|
|a 379.82
|2 1997
|
| 100 |
1 |
|
|a Palík, Branislav
|4 aut
|9 1150886
|
| 245 |
1 |
0 |
|a Deň vody na jednej základnej škole v Považskej Bystrici
|c Branislav Palík
|
| 611 |
2 |
7 |
|a Deň vody
|g spoločensko-vzdelávacie podujatie
|d (19. marec. 2008 :
|c Považská Bystrica, Slovensko)
|2 snkbucl
|9 1487561
|
| 650 |
0 |
7 |
|a životné prostredie
|z Slovensko
|2 snkbucl
|9 465222
|
| 650 |
0 |
7 |
|a spoločensko-vzdelávacie podujatia
|2 snkbucl
|9 1487562
|
| 773 |
0 |
|
|t Enviromagazín
|g Roč. 13, č. 2 (2008)
|g S. 27-28
|x 1335-1877
|
| 773 |
0 |
|
|t [Príloha]
|g Roč. 13, č. 2 (2008)
|g S. 27-28
|x 1335-1877
|
| 850 |
|
|
|a Slovenská národná knižnica
|
| 852 |
|
|
|a Slovenská národná knižnica
|
| 954 |
|
|
|a odborná, vedecká literatúra pôvodná (slovenská)
|2 lita
|
| 958 |
|
|
|a article27
|
| 958 |
|
|
|a OND
|
| 958 |
|
|
|a EUIPO
|
| 999 |
|
|
|c 2973913
|d 2975843
|